000 00272nam a22000977a 4500
008 160512b xxu||||| |||| 00| 0 eng d
041 _aeng
080 _a612.39
245 _aPraktikum i konservimit dhe i teknologjise se prodhimeve bujqesore:
_cQevqep Kambo;
942 _2udc
_cBK
999 _c2090
_d2090